Sports Quiz

Random Sports or Football Quiz
Score 0/20 Timer 04:00
7 Plays Today
Question Answer Wrong Answers
Which is 'Tyson bites Holyfield'? Tyson bites Holyfield
95.9%
Suarez bite
0.3%
Surez bite again
0.2%
Tyson vs Lewis
1.5%
Which is 'Buckner through the legs'? Buckner through the legs
93.7%
Robinson WS steal
1.9%
Butt Fumble
1.8%
Canseco off the head
0.3%
Which is 'Zidane's headbutt'? Zidane Headbutt
93.3%
Mayweather vs. McGregor
0.6%
Ronaldo Header
3.4%
Rousey vs. Holm
0.5%
Which is 'Elway's Super Bowl Helicopter'? Elway's SB Helicopter
90.3%
Amendola SB catch
1.8%
Burress SB TD
4.7%
Harrison SB INT
1.1%
Which is the 'Butt Fumble'? Butt Fumble
88.9%
Miracle at the Meadowlands
1.8%
Romo botched hold
5.7%
The Fumble
1.6%
Which is 'Dr.J's Finals circus layup'? Dr.J's finals layup
86.4%
Shaq dunks on the Blazers
1.3%
Jordan switches hands
5.4%
MJ dunk contest
4.6%
Which is 'The Decision'? The Decision
84.4%
Playoffs?
4.8%
Practice?
6.1%
I'm a man. I'm 40.
2.7%
Which is 'Fisk waves it fair'? Fisk WS HR
81.7%
Alomar ALCS HR
5.1%
Boone ALCS HR
8.1%
Gibson WS HR
2.7%
Which is 'Hail Flutie'? Hail Flutie
81.3%
Tuck Rule Game
6.9%
Tebowing
5.5%
Dez Bryant no catch
4%
Which is 'Steal by Bird'? Steal by Bird
80.1%
Havlicek Stole the ball
8%
Henderson Finals steal
6.5%
Noah steal against Celtics
3.3%
Which is the 'Miracle at the Meadowlands'? Miracle at the Meadowlands
77.9%
Devils win the cup
6.4%
The Miracle Mets
10.9%
Harrison SB INT
2.6%
Which is 'Havlicek stole the ball'? Havlicek stole the ball
77.2%
Noah steal vs Celtics
6.6%
Henderson Finals steal
6.1%
Chris Webber Timeout
7.9%
Which is 'Kirk Gibson's World Series home run'? Kirk Gibson WS HR
73.6%
Joe Carter WS HR
8%
Bill Mazeroski WS HR
9.8%
Kirby Puckett WS HR
6.3%
Which is the 'Good Friday Massacre'? Good Friday Massacre
73.4%
Bruins sink Leafs
5.5%
Crosby v Chara
6.1%
Malice at the Palace
12.7%
Which is 'Bradbury's unlikely gold'? Bradbury's unlikely gold
70%
Comăneci perfect ten
6.8%
Usain Bolt Gold
3.1%
Tommy Smith/John Carlos
17.9%
Which is 'Larsen's World Series perfect game'? Larsen's WS perfect game
67.5%
Cone perfect game
14.2%
Halladay NLDS no-hitter
6.5%
Koufax WS heroics
9.4%
Which is the original 'Fosbury Flop'? Fosbury Flop
67.1%
Zidane headbutt
9.3%
Neymar Flop
19.9%
Nadia Comăneci at the olympics
1.4%
Which is 'Le Hand of God'? Le Hand of God
63.9%
Carey Price big save
29.8%
Mutombo Not today
2.7%
Fisk waves it fair
1.4%
Which is 'Sid's Golden Goal'? Sid's Golden Goal
52.6%
Orr wins the cup
11.6%
Mike Bossy goal
14.2%
Gretz gets the record
19.5%
Which is the final play of 'The Drive'? The Drive
46.7%
One Yard Short
8.1%
The Catch
31.5%
Favre celebrating SB
11.5%
Remove Ads.
Support Sporcle.
Get the best of Sporcle when you Go Orange. This ad-free experience offers more features, more stats, and more fun while also helping to support Sporcle. Thank you for becoming a member.

You're not logged in!

Compare scores with friends on all Sporcle quizzes.
OR
Log In

Show Comments

Extras

Top Quizzes Today


Score Distribution

Your Account Isn't Verified!

In order to create a playlist on Sporcle, you need to verify the email address you used during registration. Go to your Sporcle Settings to finish the process.

Report this User

Report this user for behavior that violates our Community Guidelines.

Details: